[Event "2017 WA Reserves Chess Championship"]
[Site "North Woodvale Primary School"]
[Date "2017.05.21"]
[Round "1"]
[White "David Barry"]
[Black "Lennard Mechlowski"]
[WhiteElo "1200"]
[BlackElo "1745"]
[Result "0-1"]

1. e4 e6 2. d4 d5 3. Nc3 Nf6 4. e5 Nfd7 5. Nf3 c5 6. Be3 a6 7. Ne2 Nc6 8. c3
Be7 9. Ng3 cxd4 10. cxd4 Qb6 11. b3 Bb4 12. Nd2 Bc3 13. Rc1 Bxd4 14. Bxd4 Qxd4
15. Nf3 Qxd1 16. Rxd1 Ndxe5 17. Nxe5 Nxe5 18. Be2 Bd7 19. O-O Rc8 20. Rfe1 Ng6
21. a4 Bc6 22. Bf3 O-O 23. Ne2 Ne5 24. Nd4 Nxf3 25. Nxf3 Rfd8 26. Re2 Be8 27. Nd4
Rc3 28. h3 Bd7 29. Re3 Rxe3 30. fxe3 Rc8 31. Nf3 f6 32. e4 Bc6 33. e5 Kf7 34. exf6
gxf6 35. Nd4 Bd7 36. Rd3 e5 37. Nf3 e4 38. Rxd5 Bc6 0-1

[Event "2017 WA Reserves Chess Championship"]
[Site "North Woodvale Primary School"]
[Date "2017.05.21"]
[Round "1"]
[White "Robin Shaw"]
[Black "Victor Markou"]
[WhiteElo "1798"]
[BlackElo "1362"]
[Result "1-0"]

1. e4 c5 2. Nf3 d6 3. d4 cxd4 4. c3 Nf6 5. Bd3 g6 6. cxd4 e6 7. O-O Bg7 8. Nc3
O-O 9. Bg5 Qb6 10. Qd2 Nc6 11. Nb5 d5 12. Bxf6 Bxf6 13. e5 Bg7 14. Be2 a6 15. Nc3
Bd7 16. Rac1 Rac8 17. a3 Na5 18. Rc2 Nc4 19. Qc1 Na5 20. Na4 Rxc2 21. Nxb6 Rxc1
22. Rxc1 Be8 23. Rc7 Bc6 24. b4 Nb3 25. Bxa6 Nxd4 26. Nxd4 Bxe5 27. Rxc6 Bxd4
28. Bxb7 Rb8 29. Rc8 Rxc8 30. Nxc8 Bb2 31. a4 Ba3 32. b5 Bb4 33. Kf1 Kf8 34. Bc6
d4 35. Ke2 f5 36. b6 Ba5 37. b7 Bc7 38. a5 e5 39. a6 f4 40. a7 e4 41. a8=Q f3
42. gxf3 d3 43. Ke3 Kg7 44. Qa1 Kh6 45. fxe4 1-0

[Event "2017 WA Reserves Chess Championship"]
[Site "North Woodvale Primary School"]
[Date "2017.05.21"]
[Round "1"]
[White "Fred Maris"]
[Black "Alex Janceski"]
[WhiteElo "1529"]
[BlackElo "1848"]
[Result "1/2-1/2"]

1. e4 c6 2. d4 d5 3. e5 g6 4. Nf3 Bg4 5. h3 Bxf3 6. Qxf3 h5 7. Bd3 e6 8. Be3
Nd7 9. Nd2 a6 10. Qe2 b5 11. O-O Bh6 12. f4 Ne7 13. Nf3 Nf5 14. Bxf5 gxf5 15. b3
a5 16. c4 b4 17. c5 Nf8 18. h4 Ng6 19. g3 Bf8 20. Kf2 Be7 21. Bd2 Kf8 22. Rae1
Kg7 23. Qe3 Bf8 24. Ng5 Ne7 25. Nf3 Kg6 26. Re2 Qb8 27. Ne1 Ng8 28. Qd3 Nh6
29. Nf3 Ng4 30. Kg2 Be7 31. Nh2 Nh6 32. Nf3 Qb7 33. Kf2 Rhb8 34. Rb1 Qa7 35. Kf1
Rb5 36. Qc2 Ng4 37. Nh2 Nh6 38. Nf3 Qa6 39. Ne1 Ng4 40. Nd3 Qc8 41. Nb2 Qd8
42. Na4 Rb7 43. Be1 Rab8 44. Nb2 Qc8 45. Nd3 Ra8 46. Nf2 Nh6 47. Nd3 Rbb8 48. Bd2
Ra7 49. Nb2 Ng4 50. Rg2 Qa6 51. Qd3 Qc8 52. Nd1 a4 53. Ne3 axb3 54. axb3 Ra2
55. Nxg4 hxg4 56. Bc1 Rba8 57. Rxa2 Rxa2 58. Rb2 Ra1 59. Rb1 Qa8 60. Rxa1 Qxa1
61. Qd2 Qb1 62. Qd1 Qe4 63. Kg1 f6 64. Qd2 Qf3 65. Qe3 Qd1 66. Kg2 Qc2 67. Kf1
Qh2 68. Bd2 Qh1 69. Ke2 Qg2 70. Kd3 fxe5 71. fxe5 Qe4 72. Qxe4 fxe4 73. Ke3
Bf8 74. Bxb4 Bh6 75. Ke2 e3 76. Kd3 Kf5 77. Bc3 Kg6 78. b4 Kf7 79. Bb2 Ke7 80. Ke2
Kd7 81. Bc1 Kc7 82. Bxe3 Bf8 83. Bd2 1/2-1/2

[Event "2017 WA Reserves Chess Championship"]
[Site "North Woodvale Primary School"]
[Date "2017.05.21"]
[Round "1"]
[White "Craig Kinsman"]
[Black "Brian Gale"]
[WhiteElo "1860"]
[BlackElo "1557"]
[Result "1-0"]

1. e4 c6 2. d4 d5 3. Nc3 g6 4. e5 Bg7 5. Be3 h5 6. Qd2 Nh6 7. O-O-O Nd7 8. Bd3
e6 9. Kb1 b5 10. Nf3 Nb6 11. Bg5 Qc7 12. Qf4 Ng4 13. Nh4 Bh6 14. Bxh6 Nxh6 15. Nxg6
fxg6 16. Bxg6 Nf7 17. Rd3 Qe7 18. Rf3 Rf8 19. h4 Bd7 20. Rhh3 Kd8 21. Bxh5 Kc7
22. Qf6 Qxf6 23. Rxf6 Nh8 24. Rhf3 Rxf6 25. exf6 Nc4 26. Kc1 Nd6 27. g4 Be8
28. Bxe8 Rxe8 29. Ne2 Rf8 30. Nf4 Kd7 31. Nd3 Ndf7 32. g5 Ng6 33. Rh3 Rh8 34. h5
Nxg5 35. hxg6 Rxh3 36. Ne5 Ke8 37. b3 Rh8 38. f4 Nh7 39. g7 Rf8 40. f7 Ke7 41. g8=Q 1-0

[Event "2017 WA Reserves Chess Championship"]
[Site "North Woodvale Primary School"]
[Date "2017.05.21"]
[Round "1"]
[White "Natalie Maris"]
[Black "Gordon Dunlop"]
[WhiteElo "1695"]
[BlackElo "1867"]
[Result "1/2-1/2"]

1. e4 c5 2. d4 cxd4 3. c3 Nf6 4. e5 Nd5 5. Bc4 Nb6 6. Bb3 Nc6 7. Nf3 d5 8. cxd4
Bf5 9. O-O e6 10. Nc3 Be7 11. a3 O-O 12. Bf4 Rc8 13. Rc1 a6 14. Qe2 Na5 15. Bc2
Bxc2 16. Rxc2 Rc4 17. Qd3 Nb3 18. Nxd5 Qxd5 19. Qxb3 Rxc2 20. Qxc2 Rc8 21. Qd3
h6 22. Nd2 Rd8 23. Nf3 Nc4 24. Qc3 b5 25. h3 Rc8 26. Nd2 Nd6 27. Qd3 Nf5 28. Nf3
Rd8 29. Rd1 Bc5 30. Be3 Bb6 31. b3 Ne7 32. Kf1 Nc6 33. Qc2 Na5 34. Rb1 Nc6 1/2-1/2

[Event "2017 WA Reserves Chess Championship"]
[Site "North Woodvale Primary School"]
[Date "2017.05.21"]
[Round "1"]
[White "James Rutherford"]
[Black "Lindsay Bordas"]
[WhiteElo "1700"]
[BlackElo "1133"]
[Result "1-0"]

1. g3 e6 2. Bg2 d5 3. Nf3 c5 4. O-O Bd6 5. d4 Nd7 6. dxc5 Nxc5 7. c4 Ne7 8. b4
Na6 9. c5 Bc7 10. Bb2 O-O 11. Na3 Nxb4 12. Qd4 f6 13. Qxb4 Nc6 14. Qh4 Qe7 15. Nb5
Bd8 16. Nd6 Qd7 17. Qh5 g6 18. Qh6 b6 19. Ba3 Be7 20. e4 bxc5 21. exd5 exd5
22. Nxc8 Qxc8 23. Nh4 d4 24. Bd5 Kh8 25. Nxg6 1-0

[Event "2017 WA Reserves Chess Championship"]
[Site "North Woodvale Primary School"]
[Date "2017.05.28"]
[Round "2"]
[White "Lennard Mechlowski"]
[Black "Craig Kinsman"]
[WhiteElo "1745"]
[BlackElo "1860"]
[Result "0-1"]

1. Nf3 Nf6 2. d4 e6 3. c4 c5 4. e3 b6 5. Nc3 Bb7 6. Be2 Be7 7. O-O O-O 8. Qc2
Nc6 9. a3 d5 10. Rd1 cxd4 11. cxd5 Nxd5 12. Nxd5 Qxd5 13. exd4 Rac8 14. Bc4
Qh5 15. Qe2 Rfd8 16. Be3 Bf6 17. Rd2 Na5 18. Ba2 Bxf3 19. Qxf3 Qxf3 20. gxf3
Nc4 21. Bxc4 Rxc4 22. Rad1 Rd5 23. b3 Rc3 24. Rd3 Rxd3 25. Rxd3 e5 26. Rc3 exd4
27. Rc8 Bd8 28. Bd2 Kf8 29. Kf1 Ke8 30. Rc4 b5 31. Rc1 Kd7 32. Ke2 d3 33. Kf1
a6 34. Be3 Be7 35. a4 Bb4 36. axb5 axb5 37. Rd1 Ke6 38. f4 Kf5 39. f3 Bd6 40. Kf2
Bxf4 41. h3 Bxe3 42. Kxe3 d2 43. Rxd2 Rxd2 44. Kxd2 Kf4 45. Kc3 Kxf3 46. Kb4
Kg3 47. Kxb5 f5 48. Kc6 f4 49. b4 f3 50. b5 f2 0-1

[Event "2017 WA Reserves Chess Championship"]
[Site "North Woodvale Primary School"]
[Date "2017.05.28"]
[Round "2"]
[White "Sebastian Vearncombe"]
[Black "Robin Shaw"]
[WhiteElo "675"]
[BlackElo "1798"]
[Result "0-1"]

1. Nf3 g6 2. c4 Bg7 3. g3 d6 4. d4 f5 5. b3 c5 6. Bb2 Nc6 7. Bg2 Qb6 8. e3 Bd7
9. O-O Nf6 10. d5 Nd8 11. Re1 O-O 12. Nbd2 a5 13. e4 fxe4 14. Nxe4 Nxe4 15. Bxg7
Nxf2 16. Kxf2 Kxg7 17. Rxe7 Rf7 18. Qe2 Bf5 19. Re1 Rxe7 20. Qxe7 Nf7 21. Ng5
Rf8 22. Ne6 Bxe6 23. dxe6 Kg8 24. Kg1 Ne5 25. Rf1 Qd8 26. Qxb7 Rxf1 27. Bxf1
Qf6 28. e7 Kf7 29. Bg2 Qxe7 30. Bd5 Kf6 31. Qxe7 Kxe7 32. Kf2 Kf6 33. Ke3 h6
34. Bg2 g5 35. Ke4 Ke6 36. Bh3 g4 37. Bg2 Ng6 38. h3 h5 39. hxg4 hxg4 40. Bf1
Ne5 41. Be2 Kf6 42. Kf4 Kg6 43. Bxg4 Nd3 44. Ke3 Nc1 45. Kf4 Nd3 46. Ke4 Nf2
47. Kf3 Nd3 48. Bd7 Nc1 49. Ke4 Kf6 50. Kd5 Ke7 51. Bf5 Nxa2 52. g4 Nb4 53. Ke4
Kf6 54. Kf4 Nc6 55. Bc2 Nb4 56. Be4 Na2 57. g5 Ke7 58. Kf5 Nc1 59. Bc2 Ne2 60. Kg6
Nf4 61. Kh7 Ne6 62. g6 Kf6 63. Be4 Ng7 0-1

[Event "2017 WA Reserves Chess Championship"]
[Site "North Woodvale Primary School"]
[Date "2017.05.28"]
[Round "2"]
[White "Gordon Dunlop"]
[Black "James Rutherford"]
[WhiteElo "1867"]
[BlackElo "1700"]
[Result "1/2-1/2"]

1. e4 e5 2. Nf3 d6 3. Bc4 h6 4. O-O Nf6 5. d4 exd4 6. e5 Ng4 7. exd6 Qxd6 8. Re1
Be7 9. Qe2 Nc6 10. h3 Nf6 11. b3 O-O 12. Ba3 Qd7 13. Bxe7 Re8 14. Bb5 Rxe7 15. Qxe7
Qxe7 16. Rxe7 Nxe7 17. Nxd4 c5 18. Nf3 Bf5 19. Nbd2 a6 20. Bf1 Ned5 21. c4 Nc3
22. a3 b5 23. g4 Be6 24. Rc1 Nfe4 25. Nxe4 Nxe4 26. Ne5 Nd2 27. Bg2 Nxb3 28. Rc3
Nd4 29. Re3 Rb8 30. cxb5 axb5 31. f4 g6 32. Nc6 Nxc6 33. Bxc6 b4 34. axb4 cxb4
35. Re2 b3 36. Rb2 Rc8 37. Be4 Rc4 38. f5 Bd7 39. fxg6 Rxe4 40. gxf7 Kxf7 41. Rxb3
Kg6 42. Kf2 Kg5 43. Kg3 h5 44. h4 Kg6 45. Rb6 Be6 46. gxh5 Kxh5 47. Rb5 Kg6
48. Rb6 Kf6 49. h5 Rg4 50. Kf3 Rh4 51. Rb5 Bf5 52. Rb6 Kg5 53. h6 Bg6 54. Kg3
Rxh6 55. Rb5 Bf5 56. Rc5 Rh3 57. Kf2 Kf4 58. Ke2 Bd3 59. Kd2 Ke4 60. Kc3 Be2
61. Kb4 Kd4 62. Rc7 Bf3 63. Rc3 Ke4 64. Rc4 Ke5 65. Rc5 Bd5 66. Rc3 Rh4 67. Kc5
Rh8 68. Re3 Be4 69. Kb6 Rb8 70. Kc5 Rc8 71. Kb6 Kd5 72. Kb7 Rc1 73. Kb6 Rc6
74. Kb5 Rc8 75. Kb6 Bf5 76. Rf3 Be4 77. Rf4 Rc6 78. Kb7 Re6 79. Kc7 Re7 80. Kb6
Kd6 81. Rf6 Ke5 82. Rf2 Rb7 83. Kc5 Rc7 84. Kb6 Rc6 85. Kb5 1/2-1/2

[Event "2017 WA Reserves Chess Championship"]
[Site "North Woodvale Primary School"]
[Date "2017.05.28"]
[Round "2"]
[White "Alex Janceski"]
[Black "Natalie Maris"]
[WhiteElo "1848"]
[BlackElo "1695"]
[Result "1-0"]

1. d4 Nf6 2. c4 e6 3. a3 b6 4. Nc3 d5 5. Bg5 Be7 6. e3 Nbd7 7. Nf3 O-O 8. b4
c6 9. Qc2 dxc4 10. Bxc4 h6 11. Bf4 Bb7 12. Rd1 b5 13. Ba2 a5 14. Bb1 Re8 15. Ne5
axb4 16. axb4 Bxb4 17. O-O Bxc3 18. Nxd7 Qxd7 19. Qxc3 Nd5 20. Qc2 Nxf4 21. Qh7
Kf8 22. exf4 f5 23. Qg6 Qd5 24. Rfe1 Ra4 25. Re5 Qb3 26. Rde1 Rxd4 27. Rxf5
Ke7 28. Qxg7 Kd6 29. Qxd4 Kc7 30. Rf7 1-0

[Event "2017 WA Reserves Chess Championship"]
[Site "North Woodvale Primary School"]
[Date "2017.05.28"]
[Round "2"]
[White "Brian Gale"]
[Black "Fred Maris"]
[WhiteElo "1557"]
[BlackElo "1529"]
[Result "1/2-1/2"]

1. e4 e5 2. Nf3 Nc6 3. d4 exd4 4. Nxd4 Bc5 5. Nb3 Bb6 6. Qe2 d6 7. Be3 Bxe3
8. Qxe3 Nf6 9. f3 Be6 10. Nc3 a6 11. O-O-O Bxb3 12. axb3 h6 13. Kb1 Qe7 14. g4
O-O-O 15. Qf2 Kb8 16. Bg2 g5 17. Rhe1 Qf8 18. Rd2 Ne5 19. Red1 Ned7 20. Ne2
Qe7 21. Nd4 Qe5 22. Bf1 Ne8 23. Bc4 f6 24. Be6 Nb6 25. Bf5 Ng7 26. Rh1 Nc8 27. h4
Ne7 28. Re2 Nexf5 29. Nxf5 Nxf5 30. exf5 Qd5 31. h5 Rhe8 32. Rhe1 Re5 33. Kc1
Rde8 34. Rxe5 Rxe5 35. Rd1 Qa5 36. Kb1 Qb5 37. Re1 Qd5 38. Rxe5 Qxe5 39. Qd2
Kc8 40. Qc3 Kd7 41. Qxe5 dxe5 42. c4 Kd6 43. Kc2 Kc5 44. Kc3 b5 45. b4 Kd6 46. c5
Kd5 47. b3 e4 48. f4 c6 49. fxg5 fxg5 50. Kd2 Ke5 51. Ke3 Kd5 52. f6 Ke6 53. Kxe4
Kxf6 54. Kd4 1/2-1/2

[Event "2017 WA Reserves Chess Championship"]
[Site "North Woodvale Primary School"]
[Date "2017.05.28"]
[Round "2"]
[White "Victor Markou"]
[Black "David Barry"]
[WhiteElo "1362"]
[BlackElo "1200"]
[Result "0-1"]

1. e4 c5 2. Nf3 d6 3. g3 g6 4. Bg2 e5 5. O-O Bg7 6. Re1 Nf6 7. d3 O-O 8. Nbd2
Nc6 9. Nf1 b5 10. Ne3 Ne7 11. Bd2 Bb7 12. a3 a5 13. Qc1 Re8 14. Bh3 d5 15. exd5
Nexd5 16. Ng4 Nxg4 17. Bxg4 h5 18. Bh3 Nf6 19. Bh6 Bxf3 20. Bxg7 Kxg7 21. Qe3
Qd5 22. c4 bxc4 23. dxc4 Qc6 24. Rad1 Bxd1 0-1

[Event "2017 WA Reserves Chess Championship"]
[Site "North Woodvale Primary School"]
[Date "2017.06.04"]
[Round "3"]
[White "Craig Kinsman"]
[Black "Robin Shaw"]
[WhiteElo "1860"]
[BlackElo "1798"]
[Result "1-0"]

1. e4 g6 2. d4 Bg7 3. Nc3 d6 4. Be3 c6 5. Qd2 b5 6. O-O-O Qa5 7. Kb1 Nd7 8. f3
Nb6 9. b3 Bd7 10. g4 Rb8 11. h4 c5 12. h5 Nc4 13. bxc4 bxc4 14. Ka1 Qa3 15. Rb1
Rb4 16. h6 Nxh6 17. Bxh6 Bxd4 18. Ne2 Bf6 19. g5 Rxb1 20. Kxb1 Qb4 21. Kc1 Qa3
22. Kd1 Bd4 23. Nxd4 cxd4 24. Qxd4 e5 25. Qxc4 Be6 26. Qa4 1-0

[Event "2017 WA Reserves Chess Championship"]
[Site "North Woodvale Primary School"]
[Date "2017.06.04"]
[Round "3"]
[White "James Rutherford"]
[Black "Alex Janceski"]
[WhiteElo "1700"]
[BlackElo "1800"]
[Result "1/2-1/2"]

1. d4 d5 2. c4 e6 3. Nf3 c6 4. e3 Nf6 5. Bd3 Be7 6. O-O O-O 7. Nc3 Nbd7 8. b3
Re8 9. Bb2 Bd6 10. e4 dxe4 11. Nxe4 Bc7 12. Re1 h6 13. Ne5 Nf8 14. Qe2 Nxe4
15. Qxe4 f5 16. Qe2 Qg5 17. Qf3 Bxe5 18. Rxe5 Ng6 19. Re3 Bd7 20. Rae1 Rad8
21. Bc1 Qf6 22. d5 exd5 23. Rxe8 Rxe8 24. Rxe8 Bxe8 25. cxd5 Qc3 26. Qe3 Ne5
27. Bxf5 Qxe3 28. Bxe3 cxd5 29. Bxa7 Kf7 30. f4 Nc6 31. Bc5 Kf6 32. Bd3 Bg6
33. Bxg6 Kxg6 34. g4 h5 35. h3 hxg4 36. hxg4 Kf6 37. Kf2 g6 38. Ke3 Ke6 39. a3
Na5 40. f5 gxf5 41. gxf5 Kxf5 42. Kd4 Ke6 43. b4 Nc6 44. Kc3 b5 45. a4 bxa4
46. b5 Nd8 47. Bd4 Kd6 48. Kb4 Nb7 49. Kxa4 Kd7 50. b6 Kc6 51. Kb4 Nd8 52. Ka5
Kb7 53. Kb5 1/2-1/2

[Event "2017 WA Reserves Chess Championship"]
[Site "North Woodvale Primary School"]
[Date "2017.06.04"]
[Round "3"]
[White "David Barry"]
[Black "Gordon Dunlop"]
[WhiteElo "1200"]
[BlackElo "1867"]
[Result "1/2-1/2"]

1. e4 c5 2. Nf3 Nc6 3. d4 cxd4 4. Nxd4 Nf6 5. Nc3 e5 6. Nf3 Be7 7. Bc4 O-O 8. O-O
a6 9. a4 d6 10. Bg5 Be6 11. Bxe6 fxe6 12. Bxf6 Rxf6 13. Ne2 Qe8 14. c3 Qg6 15. Ng3
Raf8 16. b4 h5 17. Nh4 Qf7 18. Nf3 Rf4 19. Qd3 Qg6 20. Kh1 d5 21. Qe3 h4 22. Ne2
Rxe4 23. Qd3 Qg4 24. h3 Qh5 25. Rae1 Bd6 26. Nd2 Rxe2 27. Qxe2 Qxe2 28. Rxe2
e4 29. f3 e3 30. Rxe3 Bf4 31. Re2 Rc8 32. Nb1 e5 33. Rd1 d4 34. cxd4 Nxd4 35. Rb2
b5 36. axb5 axb5 37. Nd2 Nf5 38. Ne4 Rc4 39. Rbb1 Rc2 40. Nd6 Ng3 41. Kg1 Ne2
42. Kf1 Nc3 43. Re1 Bg3 44. Red1 Rf2 45. Kg1 Nxd1 46. Rxd1 Rb2 47. Nxb5 Rxb4 1/2-1/2

[Event "2017 WA Reserves Chess Championship"]
[Site "North Woodvale Primary School"]
[Date "2017.06.04"]
[Round "3"]
[White "Lindsay Bordas"]
[Black "Leonard Mechlowski"]
[WhiteElo "1133"]
[BlackElo "1800"]
[Result "1/2-1/2"]

1. e4 e6 2. c4 c5 3. Nf3 Nc6 4. a3 Qc7 5. Be2 Nge7 6. O-O Ng6 7. d3 Be7 8. Bg5
Bxg5 9. Nxg5 Qe5 10. Qd2 Nd4 11. Nf3 Nxf3 12. Bxf3 O-O 13. Nc3 a6 14. Rad1 Qc7
15. Rfe1 Rb8 16. d4 b6 17. dxc5 bxc5 18. Qd6 Qxd6 19. Rxd6 Rxb2 20. Rb1 Rxb1
21. Nxb1 Ne5 22. Nd2 Nxf3 23. gxf3 f5 24. e5 Rd8 25. Rb6 Kf7 26. Rb8 d5 27. exd6
Rxd6 28. Rxc8 Rxd2 29. Rxc5 Rd1 30. Kg2 Rc1 31. a4 g5 32. Rc7 Kg6 33. Rc6 Kf6
34. a5 h5 35. h3 Ke5 36. Rxa6 Rxc4 37. Ra8 Ra4 38. a6 h4 1/2-1/2

[Event "2017 WA Reserves Chess Championship"]
[Site "North Woodvale Primary School"]
[Date "2017.06.04"]
[Round "3"]
[White "Fred Maris"]
[Black "Sebastian Vearncombe"]
[WhiteElo "1529"]
[BlackElo "675"]
[Result "1-0"]

1. e4 c5 2. c3 Nf6 3. e5 Nd5 4. Nf3 e6 5. Bc4 Nb6 6. Bb3 Nc6 7. O-O d6 8. d4
cxd4 9. cxd4 dxe5 10. dxe5 Qxd1 11. Rxd1 Bd7 12. a3 Ne7 13. Bf4 Ned5 14. Bg3
Be7 15. Nbd2 O-O 16. Rac1 Rfd8 17. Nd4 Rac8 18. Ne4 Rxc1 19. Rxc1 Rc8 20. Rxc8
Nxc8 21. f4 Ne3 22. h3 Nf5 23. Nxf5 exf5 24. Nc3 Be6 25. Bc2 Bc5 26. Bf2 Bxf2
27. Kxf2 Nb6 28. b3 g6 29. Ke3 Kf8 30. Kd4 Nd7 31. Nd5 Nb6 32. Nxb6 axb6 33. Kc3
Bd5 34. g3 Ke7 35. Kb4 Bc6 36. Bd3 f6 37. exf6 Kxf6 38. a4 g5 39. a5 bxa5 40. Kxa5
h6 41. Kb6 Be4 42. Bc4 gxf4 43. gxf4 Kg6 44. Be2 Bg2 45. h4 Be4 46. b4 Bg2 47. b5
Kf6 48. Kc7 Ke7 49. b6 Kf6 50. Bb5 Kg6 51. Be8 Kf6 52. Bd7 Kg6 53. Bc8 Kh5 54. Bxb7
Bxb7 55. Kxb7 Kxh4 56. Kc7 Kg4 57. b7 Kxf4 58. b8=Q h5 59. Kc6 Kg4 60. Kd5 f4
61. Ke4 f3 62. Qf4 1-0

[Event "2017 WA Reserves Chess Championship"]
[Site "North Woodvale Primary School"]
[Date "2017.06.04"]
[Round "3"]
[White "Natalie Maris"]
[Black "Brian Gale"]
[WhiteElo "1695"]
[BlackElo "1557"]
[Result "1/2-1/2"]

1. e4 c6 2. d4 d5 3. Nc3 g6 4. Nf3 Bg7 5. Be2 dxe4 6. Nxe4 Nd7 7. O-O Ngf6 8. Ng3
O-O 9. c4 Nb6 10. Bf4 Bg4 11. Qd3 e6 12. Rad1 Re8 13. h3 Bxf3 14. Qxf3 Qe7 15. Rfe1
Qb4 16. b3 Nbd7 17. Bf1 Qb6 18. h4 Qa5 19. a4 e5 20. Bd2 Qc7 21. dxe5 Nxe5 22. Qf4
Rad8 23. Be2 Ned7 24. h5 Qxf4 25. Bxf4 Nc5 26. h6 Bh8 27. Rb1 Nce4 28. Nxe4
Rxe4 29. Bg5 Rde8 30. Kf1 Nd7 31. b4 Nb6 32. a5 Nc8 33. g3 Nd6 34. b5 cxb5 35. cxb5
Nf5 36. Bf3 Rxe1 37. Rxe1 Rxe1 38. Kxe1 Bc3 39. Bd2 Bxd2 40. Kxd2 b6 41. axb6
axb6 42. g4 Nd6 43. Be2 Kf8 44. Ke3 Ke7 45. f4 Ke6 1/2-1/2

[Event "2017 WA Reserves Chess Championship"]
[Site "North Woodvale Primary School"]
[Date "2017.06.11"]
[Round "4"]
[White "Alex Janceski"]
[Black "Craig Kinsman"]
[WhiteElo "1848"]
[BlackElo "1860"]
[Result "0-1"]

1. d4 Nf6 2. Nf3 e6 3. g3 c5 4. Bg2 cxd4 5. Nxd4 d5 6. O-O Nc6 7. Bg5 Be7 8. e3 O-O 
9. Nd2 h6 10. Bxf6 Bxf6 11. c3 e5 12. Nxc6 bxc6 13. Qc2 Ba6 14. Rfe1 e4 15. c4 Rb8 
16. Rab1 Qa5 17. Red1 Rfd8 18. b3 Bc8 19. h3 Bf5 20. Kh2 Bg6 21. a4 Be5 22. Kh1 f5 
23. Nf1 Bf7 24. Nd2 d4 25. Nf1 d3 26. Qd2 Qc5 27. f3 exf3 28. Bxf3 a5 29. Qg2 Rd6 
30. Qg1 Qa3 31. Nd2 c5 32. e4 Bd4 33. Qg2 Bc3 34. exf5 Bxd2 35. Qxd2 Rxb3 36. Qxa5 d2 
37. Rxb3 Qxb3 38. Qa8+ Kh7 39. Qe4 Qxc4 40. Kg2 Qxe4 41. Bxe4 Bb3 42. Bf3 Bxa4 
43. Kf2 c4 44. Ke3 c3 45. Ke2 Bb5+ 46. Ke3 c2 0-1

[Event "2017 WA Reserves Chess Championship"]
[Site "North Woodvale Primary School"]
[Date "2017.06.11"]
[Round "4"]
[White "Robin Shaw"]
[Black "James Rutherford"]
[WhiteElo "1798"]
[BlackElo "1700"]
[Result "0-1"]

1. e4 c5 2. f4 e6 3. Nf3 d5 4. e5 Ne7 5. g3 Nf5 6. c3 d4 7. d3 Be7 8. Na3 O-O
9. Nc2 Nc6 10. Be2 b5 11. O-O Bb7 12. Nce1 Qa5 13. Bd2 dxc3 14. bxc3 b4 15. Qc2
Rfd8 16. g4 Nh4 17. Nxh4 Bxh4 18. Nf3 Be7 19. Rab1 Ba6 20. c4 Rd7 21. Be3 Qd8
22. Rbd1 Nd4 23. Nxd4 Rxd4 24. Bf3 Rb8 25. Be4 Rd7 26. Qf2 Bxc4 27. Qc2 Bd5
28. d4 Bxe4 29. Qxe4 cxd4 30. Rxd4 Bc5 31. Rxd7 Bxe3 32. Qxe3 Qxd7 33. Qc5 Qb7
34. Rc1 g6 35. Qc4 a5 36. Kf2 a4 37. Rb1 Qd5 38. Qc2 b3 39. axb3 Rxb3 40. Rd1
Qf3 41. Kg1 Qxg4 42. Kh1 Qxf4 43. Qc5 Qf3 0-1

[Event "2017 WA Reserves Chess Championship"]
[Site "North Woodvale Primary School"]
[Date "2017.06.11"]
[Round "4"]
[White "Lennard Mechlowski"]
[Black "Fred Maris"]
[WhiteElo "1745"]
[BlackElo "1529"]
[Result "1-0"]

1. Nf3 Nf6 2. b3 d6 3. Bb2 e5 4. d3 g6 5. Nbd2 Bg7 6. g3 b6 7. Bg2 Bb7 8. O-O
O-O 9. e4 Nc6 10. Re1 Re8 11. Nf1 Re7 12. Qd2 Qf8 13. Qd1 Nd8 14. Ne3 Bc8 15. Nh4
Ne6 16. Bh3 Ng5 17. Bxc8 Qxc8 18. Nf3 Ne6 19. Qe2 h5 20. Bc1 c6 21. c4 Nh7 22. Bb2
Nhg5 23. Nxg5 Nxg5 24. h4 Ne6 25. Kg2 Qd7 26. f3 Kf8 27. Rf1 f6 28. f4 Rf7 29. f5
gxf5 30. exf5 Nd4 31. Bxd4 exd4 32. Nc2 Re7 33. Qxh5 c5 34. Rae1 Qc6 35. Qf3
Qxf3 36. Kxf3 Re5 37. Rxe5 dxe5 38. g4 Bh6 39. Ke4 Rd8 40. Rg1 Kf7 41. Ne1 Be3
42. Rg2 Ke7 43. Nf3 Rg8 44. g5 fxg5 45. hxg5 Bf4 46. Nxe5 Rxg5 47. Ng6 Kf7 48. Nxf4
Rxg2 49. Nxg2 a6 50. a4 b5 51. axb5 1-0

[Event "2017 WA Reserves Chess Championship"]
[Site "North Woodvale Primary School"]
[Date "2017.06.11"]
[Round "4"]
[White "Gordon Dunlop"]
[Black "Lindsay Bordas"]
[WhiteElo "1867"]
[BlackElo "1133"]
[Result "1-0"]

1. d4 e6 2. c4 d5 3. Nc3 Nc6 4. Nf3 Bb4 5. cxd5 Qxd5 6. e3 Nf6 7. a3 Qa5 8. Bd2
Bxc3 9. Bxc3 Qd5 10. b4 Ne4 11. Bb2 f6 12. Rc1 O-O 13. Qc2 a6 14. Bc4 Qf5 15. Bd3
Qg4 16. Bxe4 f5 17. Bxc6 bxc6 18. O-O Bb7 19. Ne5 Qg5 20. f4 Qe7 21. Qc5 Qd6
22. Nxc6 Qxc6 23. Qxc6 Bxc6 24. Rxc6 Rfc8 25. Rfc1 Ra7 26. Rxe6 a5 27. d5 axb4
28. axb4 Ra2 29. Be5 Kf7 30. Rec6 1-0

[Event "2017 WA Reserves Chess Championship"]
[Site "North Woodvale Primary School"]
[Date "2017.06.11"]
[Round "4"]
[White "Sebastian Vearncombe"]
[Black "David Barry"]
[WhiteElo "675"]
[BlackElo "1200"]
[Result "0-1"]

1. Nf3 Nf6 2. c4 g6 3. b4 Bg7 4. Bb2 O-O 5. g3 d6 6. Bg2 c6 7. O-O Nbd7 8. d4
Qb6 9. a3 c5 10. dxc5 dxc5 11. b5 a6 12. a4 Rd8 13. Qc2 axb5 14. cxb5 Qc7 15. Nbd2
b6 16. Ne5 Bb7 17. Bxb7 Qxb7 18. Nc6 Re8 19. Nc4 Nb8 20. Nxb8 Qxb8 21. Be5 Qb7
22. Qb2 Red8 23. Nxb6 Qxb6 24. a5 Rxa5 25. Rxa5 Qxa5 26. b6 Nd5 27. Bxg7 Nxb6
28. Bh6 f6 29. Be3 Nc4 30. Qb3 Qb4 31. Rb1 Qxb3 32. Rxb3 Nxe3 33. Rxe3 Kf7 34. Kf1
e5 35. Rc3 Rc8 36. Rc4 Ke6 37. e4 Kd6 38. Ke2 Kc6 39. Rc2 Rd8 40. Rd2 Rxd2 41. Kxd2
Kb5 42. Kc3 c4 43. h4 f5 44. f3 fxe4 45. fxe4 h5 46. Kc2 Kb4 47. Kb2 c3 48. Kc2
Kc4 49. Kc1 Kd3 50. Kd1 c2 51. Kc1 Kxe4 52. Kxc2 0-1

[Event "2017 WA Reserves Chess Championship"]
[Site "North Woodvale Primary School"]
[Date "2017.06.11"]
[Round "4"]
[White "Brian Gale"]
[Black "Victor Markou"]
[WhiteElo "1557"]
[BlackElo "1362"]
[Result "1-0"]

1. e4 c5 2. Nf3 d6 3. d4 cxd4 4. Qxd4 Nc6 5. Bb5 Bd7 6. Bxc6 Bxc6 7. Nc3 Nf6
8. Bg5 e6 9. Bxf6 gxf6 10. O-O-O Bh6 11. Kb1 Bf8 12. Rhe1 e5 13. Qe3 Qc7 14. Nh4
O-O-O 15. Qxa7 Kd7 16. Nf5 Ke6 17. g4 Be7 18. Qe3 Ra8 19. Rd3 Rhd8 20. Red1
b5 21. Nd5 Bxd5 22. Rxd5 Qa5 23. Qb3 Kd7 24. Qxb5 Qxb5 25. Rxb5 Ke8 26. Nxe7
Kxe7 27. Rbd5 Ra6 28. f3 Rda8 29. a3 Rb8 30. Ka2 Rab6 31. b3 Rc8 32. Kb2 Rcc6
33. c4 Rb8 34. Rb5 Rxb5 35. cxb5 Rb6 36. a4 Ke6 37. Rc1 Kd7 38. Ka3 Ke6 39. Kb4
d5 40. Rc6 Rxc6 41. bxc6 Kd6 42. exd5 1-0

[Event "2017 WA Reserves Chess Championship"]
[Site "North Woodvale Primary School"]
[Date "2017.06.25"]
[Round "5"]
[White "Craig Kinsman"]
[Black "James Rutherford"]
[WhiteElo "1860"]
[BlackElo "1700"]
[Result "1-0"]

1. e4 c5 2. Nf3 d6 3. d4 cxd4 4. Nxd4 Nf6 5. Nc3 g6 6. Be3 Bg7 7. f3 Nc6 8. Qd2
Nxd4 9. Bxd4 a6 10. Bc4 O-O 11. O-O-O b5 12. Bb3 b4 13. Nd5 Nxd5 14. Bxd5 Rb8
15. Ba7 Rb5 16. Bc6 Ra5 17. Qf2 Rxa2 18. Bb6 Rxb2 19. Bxd8 Bc3 20. Rd3 Ra2 21. Rxc3
bxc3 22. Kb1 Be6 23. Bd5 Bxd5 24. exd5 Ra4 25. Qe3 Rxd8 26. Qxc3 Rb8 27. Kc1
Rb5 28. Rd1 Rab4 29. Rd4 Rb1 30. Kd2 Rg1 31. Qc8 Kg7 32. Qxa6 Rxg2 33. Kd3 Rc5
34. c4 Rxh2 35. Qb7 Rh3 36. Ke3 Kf6 37. Rf4 1-0

[Event "2017 WA Reserves Chess Championship"]
[Site "North Woodvale Primary School"]
[Date "2017.06.25"]
[Round "5"]
[White "Lennard Mechlowski"]
[Black "Gordon Dunlop"]
[WhiteElo "1745"]
[BlackElo "1867"]
[Result "0-1"]

1. Nf3 Nf6 2. d4 d5 3. c4 e6 4. e3 Be7 5. Nc3 O-O 6. Be2 b6 7. Qc2 dxc4 8. Bxc4
Bb7 9. Be2 Na6 10. O-O Nb4 11. Qb3 Nfd5 12. a3 Nxc3 13. bxc3 Nd5 14. Rd1 h5
15. c4 Nf6 16. a4 Ne4 17. a5 Rb8 18. axb6 axb6 19. Ba3 Bxa3 20. Qxa3 Qf6 21. Bd3
h4 22. Bxe4 Bxe4 23. Ne5 Qg5 24. f3 Bb7 25. e4 h3 26. g3 Ra8 27. Qc3 Qe7 28. Rxa8
Rxa8 29. c5 Ra2 30. Qc4 Rg2 31. Kh1 bxc5 32. dxc5 Qg5 33. Qd4 Ba6 34. Nc4 Bxc4
35. Qxc4 Qe3 36. e5 Rg1 0-1